Classement de la Premier League 2014 2015 - Statistiques

Statistiques générales
  • Ce quiz a été pris 165 fois
  • Le résultat moyen est 14 sur 20
Statistiques - réponses
Place Equipe Pts % Correct
1 Chelsea 87
100%
2 Manchester City 79
100%
4 Manchester United 70
100%
3 Arsenal 75
97%
6 Liverpool 62
95%
5 Tottenham 64
93%
14 Leicester 41
88%
12 West Ham 47
81%
15 Newcastle 39
79%
17 Aston Villa 38
76%
11 Everton 47
70%
7 Southampton 60
66%
10 Crystal Palace 48
52%
16 Sunderland 38
51%
19 Burnley 33
49%
8 Swansea 56
41%
13 QPR 44
37%
20 West Bromwich 30
37%
9 Stoke City 54
30%
18 Hull City 35
25%
Aucun quiz correspondant
Distribution des résultats
% des personnes avec chaque résultat
Percentile par nombre de réponses
Votre historique - résultats
Vous n’avez pas pris ce quiz